Minister Kaliňák chce mať vo vedení polície svojich ľudí

Bibliographic Details
Main Authors: Burčík, Matúš (Author, Interviewer), Foltány, Maroš (Author, Interviewer), Kaliňák, Robert, 1971- (Author)
Format: Article
Language:Slovak
PhysicalDescription:Fotogr.
ISSN:1335-4051
Subjects:

MARC

LEADER 00000nab a2200000 a 4500
001 vtls008832213
003 SK-MaSNL
005 20260303172707.0
008 060719c20060717xo ur| 0 0slo
015 |a SNBRB2006/07 
038 |a RVGKPD 
040 |a RVGKPD  |b slo  |c RVGKPD  |e AACR2 
041 |a slo 
044 |a xo  |c SK 
080 |a 354.31  |2 1997 
100 1 |a Burčík, Matúš  |4 aut  |4 ivr  |9 25898 
245 1 0 |a Minister Kaliňák chce mať vo vedení polície svojich ľudí  |c Matúš Burčík, Maroš Foltány, Robert Kaliňák 
300 |b Fotogr. 
600 1 7 |a Kaliňák, Robert,  |d 1971-  |2 rvgkpd  |9 105117 
610 1 7 |a Slovensko.  |b Ministerstvo vnútra  |2 rvgkpd  |9 158971 
700 1 |a Foltány, Maroš  |4 aut  |4 ivr  |9 1058191 
700 1 |a Kaliňák, Robert,  |d 1971-  |4 aut  |4 ive  |9 105117 
773 0 |t Pravda  |g Roč. XVI, č. 163 (17.7.2006), s. 1, 4  |x 1335-4051 
852 |a RVGKPD  |b KIS3G 
992 |a RBX 
999 |c 2087925  |d 2089855